Creating new educational communities : ninety-fourth Yearbook of the national Society for the Study of Education
Αποθηκεύτηκε σε:
| Άλλοι συγγραφείς: | , |
|---|---|
| Μορφή: | Βιβλίο |
| Γλώσσα: | English |
| Δημοσίευση: |
Chicago :
Yearbook of the National Society for the Study of Education,
1995
|
| Σειρά: | Yearbook of the National Society for the Study of Education ;
; 1 |
| Θέματα: | |
| Ετικέτες: |
Προσθήκη ετικέτας
Δεν υπάρχουν, Καταχωρήστε ετικέτα πρώτοι!
|
MARC
| LEADER | 00000nam a2200000 i 4500 | ||
|---|---|---|---|
| 001 | 1/83484 | ||
| 008 | 990603s1995 eng d | ||
| 035 | |l 10051359 | ||
| 040 | |a GR-MY-UA |b gre |e aacr | ||
| 041 | 0 | |a eng | |
| 082 | 0 | |a 370.973 | |
| 245 | 1 | 0 | |a Creating new educational communities : |b ninety-fourth Yearbook of the national Society for the Study of Education / |c edited by Jeannie Oakes, Karen Hunter Quartz |
| 260 | |a Chicago : |b Yearbook of the National Society for the Study of Education, |c 1995 | ||
| 300 | |a 267 p. | ||
| 490 | 1 | |a Yearbook of the National Society for the Study of Education |v ; 1 | |
| 650 | 0 | 0 | |a Public schools |z United States. |
| 650 | 0 | 0 | |a Educational change |z United States. |
| 650 | 0 | 0 | |a Educational innovations |z United States. |
| 650 | 0 | 0 | |a Education |x Aims and objectives |z United States. |
| 650 | 0 | 0 | |a Classroom environment |z United States. |
| 700 | 1 | |a Oakes, Jeannie. |4 edt | |
| 700 | 1 | |a Quartz, Karen Hunter |d 1963- |4 edt | |
| 830 | 0 | |a Yearbook of the National Society for the Study of Education ; |v ; 1 | |
| 852 | |a INST |b RHODES |e 19990603 |h 370.973 CRE |p 005400015250 |q 005400015250 |t BK |y 0 | ||
| 901 | |a BIBL4-1999-2 | ||
| 909 | |a Ρ |b 064908 |c 1999 | ||
| 922 | |a 4ΕΛΗ |b 199903 |d LEADER | ||